000 00693cab a2200181 4500
001 ABS43262
008 090401t1990 xxu||||| |||| 00| 0 eng d
035 _a(Sirsi) u41121
041 _aeng
245 _aCentrefolio: project management
260 _c1990
350 _a0
490 _aChartered Surveyor Weekly
_v32(6) 9 August 1990, 28-38(8)
520 _aIncludes articles on the architect and surveyor working together, the Arnold Project Services redevelopment of Whitefriars , Fleet Street , work by Swedish construction company , NCC , at East India Dock and the advantages of using a project manager.
690 _aProject management
_96261
942 _n0
948 _c04/03/1997
999 _c26405
_d26405